logo

Bir Sreshtho Munshi Abdur Rouf Library
Jhenaidah Cadet College

Star Show / (Record no. 7016)

MARC details
000 -LEADER
fixed length control field 00645nam a2200241 a 4500
001 - CONTROL NUMBER
JCCL Control Number 7016
003 - CONTROL NUMBER IDENTIFIER
JCCL marc code BD-JhCC
005 - DATE AND TIME OF LATEST TRANSACTION
control field 20180204101206.0
008 - FIXED-LENGTH DATA ELEMENTS--GENERAL INFORMATION
fixed length control field 180204s1986 u a|||| || | 000 0 eng d
035 ## - SYSTEM CONTROL NUMBER
system control number (BD-JhCC)7016
040 ## - CATALOGING SOURCE
Original cataloging agency BD-JhCC
Modifying agency BD-JhCC
041 ## - LANGUAGE CODE
Language code of Book eng
082 ## - DEWEY DECIMAL CLASSIFICATION NUMBER
Classification number 428.6
Author mark and Year FAY 1986
100 ## - MAIN ENTRY--PERSONAL NAME
Personal name Fay, Leo
245 ## - TITLE STATEMENT
Title Star Show /
Statement of responsibility, etc Leo Fay, Barbara D. Stoodt and Dorothy Grant Hennings
260 ## - PUBLICATION, DISTRIBUTION, ETC. (IMPRINT)
Place of publication, distribution, etc New York :
Name of publisher, distributor, etc The Riverside Publishing Company,
Date of publication, distribution, etc 1986
300 ## - PHYSICAL DESCRIPTION
Pagination 544 p. :
Dimensions 24 cm.
650 ## - SUBJECT ADDED ENTRY--TOPICAL TERM
Topical term or geographic name as entry element Readers
700 ## - ADDED ENTRY--PERSONAL NAME
Personal name Stoodt, Barbara D.
700 ## - ADDED ENTRY--PERSONAL NAME
Personal name Hennings, Dorothy Grant
942 ## - ADDED ENTRY ELEMENTS (KOHA)
Source of classification or shelving scheme Dewey Decimal Classification
Koha item type Books
Holdings
Source of classification or shelving scheme Damaged status Not for loan Home library Current library Shelving location Date of accession Total Checkouts Full call number Barcode Date last seen Copy number Koha item type
Dewey Decimal Classification     JCC Rouf Library JCC Rouf Library General Stacks 02/04/2018   428.6 FAY 1986 986 02/04/2018 C - 1 Books

JCC Library | Contacts | JCC Home

Last Update on 23 September 2017
Copyright @ 2017-2020 JCC Rouf Library
Rouf Library, Jhenidah Cadet College (JCC), Bangladesh